[Event "Reykjavik TR U2000 op"]
[Site "Reykjavik"]
[Date "2017.11.22"]
[Round "6"]
[White "Njardarson, Daniel Ernir"]
[Black "Sveinsson, Thorlakur Ragnar"]
[Result "1-0"]
[WhiteElo "1452"]
[BlackElo "1229"]
[PlyCount "28"]
[EventDate "2017.10.11"]
[EventType "swiss"]
[EventRounds "7"]
[EventCountry "ISL"]
[SourceTitle "CBM 181 Extra"]
[Source "ChessBase"]
[SourceDate "2017.12.12"]
[SourceVersion "1"]
[SourceVersionDate "2017.12.12"]
[SourceQuality "1"]

1. d4 d5 2. c4 Nf6 3. cxd5 Nxd5 4. Nf3 e6 5. e4 Nf6 6. Nc3 Bb4 7. Bd3 Nc6 8. 0-0 h6 9. h3 Ba5 10. Be3 Bb6 11. Rc1 0-0 12. Bb1 Ne7 13. Qe2 c6 14. Rfd1 Qe8 1-0

[Event "Reykjavik TR U2000 op"]
[Site "Reykjavik"]
[Date "2017.11.01"]
[Round "4"]
[White "Sveinsson, Thorlakur Ragnar"]
[Black "Steinthorsson, Birgir Logi"]
[Result "1-0"]
[WhiteElo "1229"]
[BlackElo "1070"]
[PlyCount "65"]
[EventDate "2017.10.11"]
[EventType "swiss"]
[EventRounds "7"]
[EventCountry "ISL"]
[SourceTitle "CBM 181 Extra"]
[Source "ChessBase"]
[SourceDate "2017.12.12"]
[SourceVersion "1"]
[SourceVersionDate "2017.12.12"]
[SourceQuality "1"]

1. e4 e5 2. Bc4 Nf6 3. Nc3 Nc6 4. Nf3 Bb4 5. d3 Bxc3+ 6. bxc3 d5 7. exd5 Nxd5 8. Bb2 0-0 9. 0-0 a6 10. h3 b5 11. Bb3 Be6 12. Qd2 Qf6 13. Rae1 Rad8 14. Ng5 Qg6 15. Bxd5 Bxd5 16. Ne4 Bxe4 17. Rxe4 Qxe4 18. Qg5 f6 19. Qc1 Qf4 20. Qb1 b4 21. Bc1 Qh4 22. Re1 bxc3 23. Re4 Rb8 24. Qa1 Qh5 25. Ba3 f5 26. Rc4 Rf6 27. Qxc3 Nd4 28. Qa5 Qf7 29. Rxc7 Nc6 30. Rxc6 Rxc6 31. Qxe5 Rxc2 32. Qxb8+ Qf8 33. Qxf8# 1-0